| 000 | 00357nam a2200133Ia 4500 | ||
|---|---|---|---|
| 008 | 240624s9999 xx 000 0 und d | ||
| 041 | _aeng | ||
| 082 | _a658.3 DAS | ||
| 100 | _aDAS SUBESH | ||
| 245 | _aMANAGING PEOPLE AT WORK EMPLOYMENT RELAT | ||
| 260 |
_c2010 _aNew Delhi _bSage Publications |
||
| 300 | _axviii, : 245 : p. : cm. ; 22 | ||
| 365 |
_cRS _b30 |
||
| 999 |
_c19772 _d19772 |
||